El éxodo : (Record no. 108848)

MARC details
000 -LEADER
campo de control de longitud fija 00953nam a2200277 i 4500
001 - NÚMERO DE CONTROL
campo de control 108848
003 - IDENTIFICADOR DE NÚMERO DE CONTROL
campo de control ES-MaACL
005 - FECHA Y HORA DE LA ÚLTIMA TRANSACCIÓN
campo de control 20251110063226.0
007 - CAMPO FIJO DE DESCRIPCIÓN FÍSICA--INFORMACIÓN GENERAL
campo de control de longitud fija t|
008 - DATOS DE LONGITUD FIJA--INFORMACIÓN GENERAL
campo de control de longitud fija 061121s1977 sp r ||||1| spa d
017 ## - NÚMERO DE COPYRIGHT O DE DEPÓSITO LEGAL
Número de copyright o de depósito legal B 12197-1977
Agencia que asigna Oficina Depósito Legal Barcelona
020 ## - NÚMERO INTERNACIONAL ESTÁNDAR DEL LIBRO
Número Internacional Estándar del Libro 847136221X
040 ## - FUENTE DE CATALOGACIÓN
Centro/agencia transcriptor ES-MaACL
100 1# - ENTRADA PRINCIPAL--NOMBRE DE PERSONA
Nombre de persona Montseny, Federica,
Fechas asociadas al nombre 1905-1994
9 (RLIN) 240807
Término indicativo de función/relación Autor
245 13 - MENCIÓN DEL TÍTULO
Título El éxodo :
Resto del título (Pasión y muerte de españoles en el exilio) /
Mención de responsabilidad, etc. Federica Montseny.
250 ## - MENCION DE EDICION
Mención de edición [Primera edición].
260 ## - PUBLICACIÓN, DISTRIBUCIÓN, ETC.
Lugar de publicación, distribución, etc. [Barcelona] :
Nombre del editor, distribuidor, etc. Galba,
Fecha de publicación, distribución, etc. [1977]
300 ## - DESCRIPCIÓN FÍSICA
Extensión 305 páginas ;
Dimensiones 19 cm.
650 #7 - PUNTO DE ACCESO ADICIONAL DE MATERIA--TÉRMINO DE MATERIA
9 (RLIN) 175748
Término de materia o nombre geográfico como elemento de entrada Exilio-
Subdivisión general Historia.
Subdivisión geográfica España-
650 #4 - PUNTO DE ACCESO ADICIONAL DE MATERIA--TÉRMINO DE MATERIA
9 (RLIN) 12657
Término de materia o nombre geográfico como elemento de entrada Exiliados españoles-
Subdivisión cronológica 1936-1939
852 ## - LOCALIZACIÓN
Ubicación ES-MaACL
Número de control de estantería A-6961
Sublocalización o colección R.95866
itemnumber 112976
Ubicación en estantería Sala Pecera Planta 1
Encuadernación Encuadernación rústica con solapas
942 ## - ELEMENTOS DE ENTRADA SECUNDARIOS (KOHA)
Tipo de ítem Koha Libro impreso
Suprimir en OPAC No
Holdings
Estatus retirado Estado de pérdida Estado de daño No para préstamo Biblioteca de origen Biblioteca actual Ubicación en estantería Fecha de adquisición Fuente de adquisición Total de préstamos Signatura topográfica completa Código de barras Visto por última vez Precio de reemplazo Tipo de ítem Koha
        Biblioteca del Ateneo de Madrid Biblioteca del Ateneo de Madrid Sala Pecera Planta 1 17/01/2008     A-6961 1113579 23/02/2023 23/02/2023 Libro impreso